[Event "M.Chigorin Memorial 2014"]
[Site "St. Petersburg"]
[Date "2014.10.21"]
[Round "4.27"]
[White "Demianjuk, Alexander"]
[Black "Gordievsky, Dmitry"]
[Result "1/2-1/2"]
[WhiteElo "2342"]
[BlackElo "2455"]
[PlyCount "80"]
[EventDate "2014.10.18"]

1. e4 e5 2. Nf3 Nc6 3. Bc4 Bc5 4. c3 Nf6 5. d3 d6 6. Bb3 h6 7. Nbd2 O-O 8. h3
a6 9. O-O Ba7 10. Re1 Be6 11. Bc2 Re8 12. Nf1 d5 13. exd5 Nxd5 14. Ng3 Qd6 15.
Nh4 Qe7 16. Qh5 Nf4 17. Bxf4 exf4 18. Ne4 Rad8 19. Nf5 Bxf5 20. Qxf5 Qe5 21.
Qxe5 Nxe5 22. d4 Nc4 23. b3 Nd6 24. Nxd6 cxd6 25. Be4 Re7 26. Bd5 Rc7 27. Rad1
b5 28. Re4 g5 29. h4 Kf8 30. Rd3 Rdc8 31. c4 bxc4 32. bxc4 Rb8 33. hxg5 hxg5
34. g3 fxg3 35. Rxg3 Re7 36. Rxe7 Kxe7 37. Re3+ Kd8 38. Rf3 Bxd4 39. Rxf7 Rb2
40. a4 Ra2 1/2-1/2

[Event "M.Chigorin Memorial 2014"]
[Site "St. Petersburg"]
[Date "2014.10.21"]
[Round "4.28"]
[White "Musaev, Rasul"]
[Black "Grachev, Boris"]
[Result "0-1"]
[WhiteElo "2316"]
[BlackElo "2673"]
[PlyCount "84"]
[EventDate "2014.10.18"]

1. e4 c5 2. Nf3 e6 3. d4 cxd4 4. Nxd4 Nc6 5. Nc3 a6 6. Nxc6 bxc6 7. Bd3 d5 8.
O-O Nf6 9. Qe2 Be7 10. b3 O-O 11. Bb2 Qc7 12. f4 Re8 13. Rae1 d4 14. Nb1 c5 15.
Nd2 Nd7 16. e5 g6 17. g4 Bb7 18. Be4 Nb6 19. Bxb7 Qxb7 20. Ne4 Nd5 21. Qf3 Kh8
22. Bc1 Nb4 23. Re2 Rad8 24. Rd1 Nxa2 25. Bd2 d3 26. cxd3 Qxb3 27. Re3 Nb4 28.
Bxb4 cxb4 29. h4 Qd5 30. d4 Rb8 31. h5 b3 32. hxg6 fxg6 33. Qf1 b2 34. Nc3 Qc6
35. f5 gxf5 36. gxf5 Rg8+ 37. Kh2 exf5 38. d5 Qg6 39. Rh3 Rb4 40. d6 Rf4 41.
Qe2 Bh4 42. Rf1 Rf2+ 0-1

[Event "M.Chigorin Memorial 2014"]
[Site "St. Petersburg"]
[Date "2014.10.21"]
[Round "4.29"]
[White "Basso, Pier Luigi"]
[Black "Smirin, Ilia"]
[Result "0-1"]
[WhiteElo "2312"]
[BlackElo "2655"]
[PlyCount "72"]
[EventDate "2014.10.18"]

1. Nf3 Nf6 2. c4 g6 3. g3 Bg7 4. Bg2 O-O 5. O-O d6 6. d4 Nc6 7. Nc3 Bf5 8. d5
Na5 9. Nd4 Bd7 10. b3 c5 11. Nc2 a6 12. Qd3 Ng4 13. f4 f5 14. h3 Nf6 15. Rb1 b5
16. Kh2 Rb8 17. Bd2 b4 18. Nd1 e5 19. fxe5 dxe5 20. e4 Nb7 21. Nf2 Nd6 22. Be3
Rc8 23. Qd2 Qe7 24. Bg5 Nf7 25. Be3 f4 26. gxf4 exf4 27. Bxf4 Nh5 28. Nd3 Nxf4
29. Rxf4 Ne5 30. Rbf1 Rxf4 31. Nxf4 Rf8 32. Qe3 Qh4 33. Kg1 Bh6 34. Qxc5 Bxf4
35. Ne1 Qg3 36. Nf3 Bxh3 0-1

[Event "M.Chigorin Memorial 2014"]
[Site "St. Petersburg"]
[Date "2014.10.21"]
[Round "4.30"]
[White "Rjabzev, Konstantin"]
[Black "Khairullin, Ildar"]
[Result "0-1"]
[WhiteElo "2310"]
[BlackElo "2643"]
[PlyCount "88"]
[EventDate "2014.10.18"]

1. e4 c6 2. d4 d5 3. exd5 cxd5 4. c4 Nf6 5. Nc3 e6 6. Nf3 Bb4 7. Bd3 dxc4 8.
Bxc4 O-O 9. O-O b6 10. a3 Bxc3 11. bxc3 Qc7 12. Qe2 Bb7 13. Bb2 Bxf3 14. gxf3
Nc6 15. Ba2 Ne7 16. c4 Qf4 17. Kh1 Ng6 18. Rad1 Rfe8 19. Qe3 Qf5 20. Bb1 Qh3
21. Rg1 Nh5 22. Bd3 Nhf4 23. Rg3 Qh5 24. Bb1 Rac8 25. Ba2 Qf5 26. Bb1 Qf6 27.
Ba2 Nh4 28. Rdg1 Nfg6 29. Qe2 Qf4 30. Rh3 Nf5 31. Rg4 Qc7 32. Qd2 Nd6 33. d5
exd5 34. Bxg7 Kxg7 35. Qh6+ Kf6 36. Qg5+ Ke6 37. Qxd5+ Kd7 38. Rxh7 Re1+ 39.
Kg2 Ne5 40. Rg5 Qc5 41. Qd2 Rg1+ 42. Kh3 Rxg5 43. Qxg5 Nd3 44. Qg4+ Kc6 0-1

[Event "M.Chigorin Memorial 2014"]
[Site "St. Petersburg"]
[Date "2014.10.21"]
[Round "4.31"]
[White "Kokarev, Dmitry"]
[Black "Popov, Kirill"]
[Result "1-0"]
[WhiteElo "2626"]
[BlackElo "2303"]
[PlyCount "79"]
[EventDate "2014.10.18"]

1. g3 Nf6 2. Bg2 g6 3. c4 Bg7 4. Nc3 d6 5. e4 O-O 6. Nge2 c5 7. O-O Nc6 8. d3
a6 9. h3 Nd4 10. Rb1 Rb8 11. b4 Nxe2+ 12. Qxe2 cxb4 13. Rxb4 Bd7 14. Bd2 Qc8
15. Kh2 Qc5 16. Rfb1 b5 17. cxb5 Bxb5 18. Nxb5 Rxb5 19. Rxb5 axb5 20. Be3 Qa3
21. Rxb5 Nd7 22. Rb7 Nc5 23. Rxe7 Nxd3 24. Qd2 Ra8 25. e5 Nxe5 26. Qd5 Rf8 27.
Ra7 Qb2 28. a4 h5 29. a5 h4 30. gxh4 Qe2 31. Ra8 Rxa8 32. Qxa8+ Kh7 33. a6 Nc4
34. Qf3 Be5+ 35. Kg1 Qe1+ 36. Bf1 Nxe3 37. fxe3 Qa1 38. Qxf7+ Kh6 39. Qf8+ Kh7
40. h5 1-0

[Event "M.Chigorin Memorial 2014"]
[Site "St. Petersburg"]
[Date "2014.10.21"]
[Round "4.32"]
[White "Loskutov, Sviatoslav"]
[Black "Ponkratov, Pavel"]
[Result "0-1"]
[WhiteElo "2302"]
[BlackElo "2617"]
[PlyCount "80"]
[EventDate "2014.10.18"]

1. e4 e6 2. d4 d5 3. Nd2 dxe4 4. Nxe4 Bd7 5. Nf3 Bc6 6. Bd3 Nd7 7. O-O Ngf6 8.
Qe2 Be7 9. Ne5 Bxe4 10. Bxe4 c6 11. Bf3 O-O 12. c3 Re8 13. Bf4 Nd5 14. Bg3 Bf8
15. Rfe1 a5 16. Rad1 a4 17. c4 N5b6 18. a3 Qe7 19. Be4 Nxe5 20. Bxe5 g6 21. Bc2
Bg7 22. Bf4 Red8 23. Be3 Qc7 24. h4 Rd7 25. h5 Qd8 26. h6 Bf8 27. g3 Nc8 28.
Qg4 Ra5 29. d5 cxd5 30. cxd5 Rdxd5 31. Bxa4 Nd6 32. Bb3 Rxd1 33. Rxd1 Qf6 34.
Bd2 Rf5 35. Bc3 e5 36. f4 Ne4 37. Ba5 exf4 38. Rd8 Qxb2 39. Qf3 fxg3 40. Bb4
Qh2+ 0-1

[Event "M.Chigorin Memorial 2014"]
[Site "St. Petersburg"]
[Date "2014.10.21"]
[Round "4.33"]
[White "Polyaninov, Aleksey"]
[Black "Smirnov, Pavel"]
[Result "0-1"]
[WhiteElo "2295"]
[BlackElo "2611"]
[PlyCount "64"]
[EventDate "2014.10.18"]

1. Nf3 Nf6 2. d4 d5 3. c3 c5 4. dxc5 e6 5. b4 a5 6. Bf4 axb4 7. cxb4 Nc6 8. Bd2
Ne4 9. a4 b6 10. e3 bxc5 11. Bb5 Bd7 12. bxc5 Qf6 13. Ra2 Bxc5 14. Rc2 Ne5 15.
Nc3 Bxb5 16. Nxb5 O-O 17. O-O Rxa4 18. Nc3 Nxf3+ 19. Qxf3 Rc4 20. Nxe4 Qxf3 21.
Rxc4 Qf5 22. Rxc5 Qxe4 23. Rcc1 h5 24. Rfd1 Ra8 25. Be1 g5 26. Rd4 Qf5 27. h4
e5 28. Rxd5 gxh4 29. f4 Qg4 30. Rxe5 f6 31. Rd5 Ra2 32. Rd8+ Kf7 0-1

[Event "M.Chigorin Memorial 2014"]
[Site "St. Petersburg"]
[Date "2014.10.21"]
[Round "4.34"]
[White "Savchenko, Boris"]
[Black "Dauletova, Gulmira"]
[Result "1-0"]
[WhiteElo "2608"]
[BlackElo "2293"]
[PlyCount "67"]
[EventDate "2014.10.18"]

1. e4 c5 2. Nf3 e6 3. d4 cxd4 4. Nxd4 a6 5. c4 Nf6 6. Nc3 Bb4 7. f3 Qc7 8. Be3
Nc6 9. Nc2 Bd6 10. Qd2 O-O 11. O-O-O Be7 12. g4 Na5 13. g5 Ne8 14. Na4 Nc6 15.
Nb6 Rb8 16. f4 d6 17. h4 Bd7 18. Kb1 Rd8 19. Bd3 Qb8 20. h5 Nc7 21. f5 f6 22.
g6 Ne5 23. Rdg1 exf5 24. exf5 h6 25. Bxh6 Nxd3 26. Bxg7 Kxg7 27. h6+ Kh8 28. h7
Ne8 29. Nxd7 Rxd7 30. g7+ Nxg7 31. Rxg7 Bd8 32. Rxd7 Ne5 33. Qg2 Nxd7 34. Rg1
1-0

[Event "M.Chigorin Memorial 2014"]
[Site "St. Petersburg"]
[Date "2014.10.21"]
[Round "4.35"]
[White "Burmakin, Vladimir"]
[Black "Stetsko, Lanita"]
[Result "1-0"]
[WhiteElo "2583"]
[BlackElo "2291"]
[PlyCount "39"]
[EventDate "2014.10.18"]

1. Nf3 d5 2. g3 Nf6 3. Bg2 e6 4. O-O Be7 5. c4 O-O 6. b3 c5 7. e3 dxc4 8. bxc4
Qc7 9. Bb2 Nbd7 10. Qc2 b6 11. Nc3 Bb7 12. a4 Bc6 13. Rfe1 Qb7 14. e4 Rfd8 15.
d4 cxd4 16. Nxd4 Ne5 17. Nd5 Qd7 18. Nxe7+ Qxe7 19. Nxc6 Nxc6 20. e5 1-0

[Event "M.Chigorin Memorial 2014"]
[Site "St. Petersburg"]
[Date "2014.10.21"]
[Round "4.36"]
[White "Gabrielian, Artur"]
[Black "Sargissyan, Sargis"]
[Result "1/2-1/2"]
[WhiteElo "2557"]
[BlackElo "2284"]
[PlyCount "95"]
[EventDate "2014.10.18"]

1. e4 c5 2. Nf3 d6 3. c3 Nf6 4. Bd3 Nc6 5. Bc2 g6 6. O-O Bg7 7. h3 O-O 8. d4
cxd4 9. cxd4 Nb4 10. Bb3 d5 11. e5 Ne4 12. a3 Nc6 13. Re1 Bf5 14. Nbd2 Nxd2 15.
Bxd2 Be4 16. Bc3 e6 17. Nh2 g5 18. Bc2 Bxc2 19. Qxc2 f6 20. exf6 Qxf6 21. Rad1
Qf5 22. Qe2 Rae8 23. Rd3 Qg6 24. Qd2 Rf4 25. Rf3 Ref8 26. Rxf4 Rxf4 27. Nf3 h6
28. b4 a6 29. a4 Re4 30. b5 axb5 31. axb5 Na7 32. b6 Rxe1+ 33. Qxe1 Nb5 34. Bb2
Qc2 35. Qxe6+ Kh7 36. Qxd5 Qxb2 37. Qe4+ Kh8 38. Qxb7 Nxd4 39. Qa8+ Kh7 40.
Qe4+ Kh8 41. b7 Nxf3+ 42. Qxf3 Qc1+ 43. Kh2 Qc7+ 44. g3 Be5 45. Qd5 Kg7 46. Kg2
Bd6 47. Qe4 Qb8 48. Qd5 1/2-1/2

[Event "M.Chigorin Memorial 2014"]
[Site "St. Petersburg"]
[Date "2014.10.21"]
[Round "4.37"]
[White "Rozum, Ivan"]
[Black "Ofitserian, Boris"]
[Result "1-0"]
[WhiteElo "2551"]
[BlackElo "2282"]
[PlyCount "63"]
[EventDate "2014.10.18"]

1. Nf3 Nf6 2. c4 g6 3. g3 Bg7 4. Bg2 O-O 5. O-O d6 6. d4 Nc6 7. Nc3 Rb8 8. b3
a6 9. Nd5 Nxd5 10. cxd5 Nb4 11. e4 f5 12. Ng5 c5 13. Bb2 h6 14. Ne6 Bxe6 15.
dxe6 f4 16. Rb1 cxd4 17. gxf4 Qb6 18. a3 Nc6 19. Qg4 Qxb3 20. Bxd4 Qxa3 21. Be3
Qa2 22. Kh1 Kh7 23. Rg1 Bd4 24. e5 Qc2 25. exd6 Bxe3 26. fxe3 exd6 27. e4 Qd2
28. Rbf1 Rbe8 29. e5 Rg8 30. Rd1 Qa2 31. Bd5 Qa3 32. Be4 1-0

[Event "M.Chigorin Memorial 2014"]
[Site "St. Petersburg"]
[Date "2014.10.21"]
[Round "4.38"]
[White "Tukhaev, Adam"]
[Black "Sichinava, Zviad"]
[Result "1-0"]
[WhiteElo "2551"]
[BlackElo "2275"]
[PlyCount "59"]
[EventDate "2014.10.18"]

1. e4 e6 2. d4 d5 3. e5 c5 4. c3 Nc6 5. Nf3 Qb6 6. Na3 cxd4 7. cxd4 Bd7 8. Nc2
Nge7 9. Bd3 Nf5 10. O-O Be7 11. g4 Nh6 12. h3 Ng8 13. b4 Rc8 14. Bd2 h5 15. a4
hxg4 16. hxg4 Qd8 17. Qe1 b6 18. Kg2 Nh6 19. Rh1 Rg8 20. Kg3 Bf8 21. a5 b5 22.
a6 Qb6 23. Ra2 Nb8 24. Na1 Nxa6 25. Nb3 Nb8 26. Nc5 Bxc5 27. dxc5 Qc7 28. Bf4
a6 29. g5 Bc6 30. Nd4 1-0

[Event "M.Chigorin Memorial 2014"]
[Site "St. Petersburg"]
[Date "2014.10.21"]
[Round "4.39"]
[White "Khanin, Semen"]
[Black "Harika, Dronavalli"]
[Result "1/2-1/2"]
[WhiteElo "2292"]
[BlackElo "2528"]
[PlyCount "72"]
[EventDate "2014.10.18"]

1. e4 e6 2. d4 d5 3. Nc3 Bb4 4. e5 c5 5. a3 Bxc3+ 6. bxc3 Ne7 7. Qg4 cxd4 8.
Qxg7 Rg8 9. Qxh7 Qc7 10. Ne2 Nbc6 11. f4 dxc3 12. h4 Bd7 13. h5 d4 14. Qd3
O-O-O 15. Rb1 Be8 16. Ng3 Nd5 17. Ne4 Nxe5 18. fxe5 Qxe5 19. Qe2 Bc6 20. Rh3
Nf4 21. Bxf4 Qxf4 22. Nc5 Rd5 23. Nd3 Qh6 24. Rd1 Rgg5 25. g4 f5 26. Nf4 fxg4
27. Nxd5 Bxd5 28. Rg3 Qf6 29. Rxg4 Re5 30. Rdxd4 Rxe2+ 31. Bxe2 a6 32. Rd3 Kb8
33. Rh3 Qh6 34. Rxc3 Ka7 35. Rgg3 e5 36. Rce3 e4 1/2-1/2

[Event "M.Chigorin Memorial 2014"]
[Site "St. Petersburg"]
[Date "2014.10.21"]
[Round "4.40"]
[White "Palachev, Petr"]
[Black "Airapetian, Gor"]
[Result "1/2-1/2"]
[WhiteElo "2288"]
[BlackElo "2502"]
[PlyCount "100"]
[EventDate "2014.10.18"]

1. d4 Nf6 2. c4 e6 3. Nf3 b6 4. g3 Ba6 5. Qa4 Bb7 6. Bg2 c5 7. dxc5 bxc5 8. O-O
Be7 9. Bf4 O-O 10. Rd1 d6 11. Nc3 Qb6 12. Rab1 Na6 13. a3 Bc6 14. Qc2 Rfd8 15.
Ng5 Bxg2 16. Kxg2 Qc6+ 17. f3 h6 18. Nge4 Nc7 19. Nxf6+ Bxf6 20. Ne4 Be7 21. b4
cxb4 22. axb4 Rac8 23. Qa2 a6 24. Rdc1 Qb7 25. Qa5 f5 26. Nf2 Bf6 27. e4 fxe4
28. Nxe4 Ne8 29. c5 e5 30. c6 Qf7 31. Be3 d5 32. Nxf6+ Nxf6 33. Qxa6 e4 34.
fxe4 dxe4 35. Rb2 Nd5 36. Qe2 Qf6 37. Rb3 Rxc6 38. Rxc6 Qxc6 39. b5 Qe6 40. Ra3
Rb8 41. Rb3 Ra8 42. Rb2 Qe5 43. Rd2 Ra3 44. Qc4 Rd3 45. Rxd3 exd3 46. Bf4 Qe2+
47. Kh3 Qh5+ 48. Kg2 Qe2+ 49. Kg1 Qd1+ 50. Kg2 Qe2+ 1/2-1/2

[Event "M.Chigorin Memorial 2014"]
[Site "St. Petersburg"]
[Date "2014.10.21"]
[Round "4.41"]
[White "Leontiev, Aleksandr V"]
[Black "Chekhov, Sergei"]
[Result "1/2-1/2"]
[WhiteElo "2281"]
[BlackElo "2474"]
[PlyCount "120"]
[EventDate "2014.10.18"]

1. c4 Nf6 2. Nc3 c5 3. Nf3 e6 4. g3 b6 5. Bg2 Bb7 6. O-O d6 7. d4 cxd4 8. Qxd4
a6 9. Rd1 Be7 10. b3 Nbd7 11. Bb2 O-O 12. Ng5 Bxg2 13. Kxg2 Qc7 14. Nge4 Rfd8
15. Rac1 Qb7 16. Kg1 Ne8 17. Rc2 b5 18. h4 b4 19. Nb1 Nc5 20. Ng5 h6 21. Nf3 a5
22. Qe3 e5 23. Nbd2 Nf6 24. Ne1 a4 25. Nd3 axb3 26. axb3 Ne6 27. c5 Ng4 28. Qf3
Qxf3 29. exf3 dxc5 30. Nc4 g5 31. hxg5 e4 32. fxe4 Bxg5 33. f4 Be7 34. Nf2 Nxf2
35. Rxd8+ Rxd8 36. Kxf2 Rd3 37. Nd2 c4 38. Nxc4 Rxb3 39. Nd2 Rd3 40. Nf1 Bc5+
41. Ke2 Rb3 42. Rd2 Bf8 43. Ne3 Nc5 44. Kf3 Rd3 45. Rxd3 Nxd3 46. Ba1 Bc5 47.
Ng4 b3 48. Nf6+ Kh8 49. Ke2 Nc1+ 50. Kd2 Ba3 51. Kc3 b2 52. Bxb2 Ne2+ 53. Kc2
Bxb2 54. Kxb2 Nxg3 55. Kc2 Kg7 56. Ne8+ Kg6 57. Kd3 h5 58. Ke3 Nf1+ 59. Ke2 Nh2
60. Kf2 Ng4+ 1/2-1/2

[Event "M.Chigorin Memorial 2014"]
[Site "St. Petersburg"]
[Date "2014.10.21"]
[Round "4.42"]
[White "Samdanov, Samdan"]
[Black "Krapivin, Alexander"]
[Result "0-1"]
[WhiteElo "2278"]
[BlackElo "2442"]
[PlyCount "90"]
[EventDate "2014.10.18"]

1. d4 Nf6 2. c4 b6 3. Nc3 Bb7 4. d5 e6 5. a3 Bd6 6. Nf3 O-O 7. g3 Ba6 8. b3
exd5 9. cxd5 Qe7 10. Bg2 Ne4 11. Nxe4 Qxe4 12. Nh4 Qe5 13. Ra2 Re8 14. Rc2 g6
15. Bb2 Qe7 16. O-O c6 17. b4 Bb5 18. Nf3 c5 19. bxc5 bxc5 20. Qa1 Na6 21. Re1
f5 22. h4 Rab8 23. e4 Bd3 24. Rd2 Bxe4 25. Ng5 Be5 26. Bxe5 Qxe5 27. Qxe5 Rxe5
28. Bxe4 h6 29. d6 Kg7 30. Nf3 Rxe4 31. Rxe4 fxe4 32. Ne5 Rb1+ 33. Kg2 Nb8 34.
Re2 Rd1 35. Rb2 Rd5 36. Rxb8 Rxe5 37. Rb7 Kf6 38. Rxd7 Ke6 39. Rxa7 Kxd6 40.
Ra6+ Kd5 41. Rxg6 c4 42. Kf1 e3 43. Rxh6 c3 44. Rh8 Kc4 45. Rc8+ Rc5 0-1

[Event "M.Chigorin Memorial 2014"]
[Site "St. Petersburg"]
[Date "2014.10.21"]
[Round "4.43"]
[White "Molchanova, Tatjana"]
[Black "Gochelashvili, David"]
[Result "0-1"]
[WhiteElo "2265"]
[BlackElo "2427"]
[PlyCount "76"]
[EventDate "2014.10.18"]

1. d4 g6 2. c4 Bg7 3. Nc3 c5 4. e3 cxd4 5. exd4 Nf6 6. Nf3 O-O 7. Be2 d5 8. c5
Nc6 9. O-O Ne4 10. Be3 Bg4 11. h3 Bxf3 12. Bxf3 f5 13. Qb3 e6 14. Bxe4 fxe4 15.
Qxb7 Nxd4 16. Rad1 Nf5 17. Bc1 Qc8 18. Qb4 Rf7 19. Ne2 Rb8 20. Qa3 Rb5 21. b4
a5 22. bxa5 Qxc5 23. Qxc5 Rxc5 24. Nf4 Nd4 25. Be3 Rxf4 26. Bxd4 Rxa5 27. Bxg7
Kxg7 28. Rd2 Rf7 29. Rb1 g5 30. Rb6 Kf6 31. Kf1 Ke5 32. Ke2 Ra3 33. Rb3 Rxb3
34. axb3 Rb7 35. Rb2 Kd4 36. Kd2 Rf7 37. Kc1 Kc3 38. Kb1 d4 0-1

[Event "M.Chigorin Memorial 2014"]
[Site "St. Petersburg"]
[Date "2014.10.21"]
[Round "4.44"]
[White "Guzenko, Artem"]
[Black "Hayrapetyan, Hovik"]
[Result "1/2-1/2"]
[WhiteElo "2258"]
[BlackElo "2426"]
[PlyCount "56"]
[EventDate "2014.10.18"]

1. e4 c5 2. Nf3 e6 3. d4 cxd4 4. Nxd4 a6 5. c4 Nf6 6. Nc3 Qc7 7. a3 Nc6 8. Be3
d6 9. Be2 Be7 10. O-O O-O 11. Rc1 Ne5 12. b4 Ng6 13. Nb3 b6 14. Qd4 Rb8 15.
Rfd1 Rd8 16. Kh1 Bd7 17. f3 Be8 18. Bf1 h5 19. Qd2 h4 20. Nd4 Qb7 21. Qf2 Rdc8
22. Nb3 Ne5 23. Nd2 Bc6 24. Bd4 Ng6 25. Be3 Ne5 26. Bd4 Ng6 27. Be3 Ne5 28. Bd4
Ng6 1/2-1/2

[Event "M.Chigorin Memorial 2014"]
[Site "St. Petersburg"]
[Date "2014.10.21"]
[Round "4.45"]
[White "Pletnev, Evgeniy"]
[Black "Paravyan, David"]
[Result "0-1"]
[WhiteElo "2234"]
[BlackElo "2424"]
[PlyCount "56"]
[EventDate "2014.10.18"]

1. e4 e5 2. Nc3 Nc6 3. g3 Bc5 4. Bg2 a6 5. Nf3 d6 6. h3 Nge7 7. d3 O-O 8. O-O
f5 9. exf5 Bxf5 10. Nh4 Bd7 11. Ne4 Ba7 12. Bg5 h6 13. Ng6 hxg5 14. Qh5 Rf5 15.
Nxg5 Nxg6 16. Bd5+ Kf8 17. Nh7+ Ke7 18. Qxg6 Qh8 19. g4 Rf4 20. Rae1 Re8 21.
Re4 Kd8 22. Rxf4 exf4 23. Ng5 Ne5 24. Qe4 c6 25. Qb4 cxd5 26. Qxb7 Qh4 27. Qxa7
Qxg5 28. Qa8+ Ke7 0-1

[Event "M.Chigorin Memorial 2014"]
[Site "St. Petersburg"]
[Date "2014.10.21"]
[Round "4.46"]
[White "Smirnov, Timofey"]
[Black "Isakov, Andrey"]
[Result "0-1"]
[WhiteElo "2419"]
[BlackElo "2258"]
[PlyCount "144"]
[EventDate "2014.10.18"]

1. e4 e5 2. Nf3 Nc6 3. Bb5 a6 4. Ba4 Nf6 5. d3 d6 6. c3 Be7 7. h3 O-O 8. O-O
Re8 9. Nbd2 Bf8 10. Re1 g6 11. Nf1 Bg7 12. Ng3 b5 13. Bb3 Na5 14. Bc2 c5 15.
Be3 Qc7 16. Rc1 Be6 17. b3 h6 18. d4 Kh7 19. Qd2 Rac8 20. d5 Bd7 21. Nh2 c4 22.
b4 Nb7 23. f4 a5 24. a3 Ra8 25. f5 g5 26. Qe2 axb4 27. axb4 Ra2 28. h4 gxh4 29.
Nh5 Rg8 30. Nxf6+ Bxf6 31. Qh5 Bg5 32. Ng4 Qd8 33. Bxg5 Qxg5 34. Qxg5 Rxg5 35.
Nf6+ Kg7 36. Nxd7 f6 37. Nb8 Rg3 38. Re2 Rxc3 39. Nc6 Kf8 40. Kf1 Ke8 41. Rd2
Nd8 42. Bd1 Rxd2 43. Bh5+ Kd7 44. Rxc3 Nxc6 45. dxc6+ Kxc6 46. Be8+ Kb6 47. Bf7
Rb2 48. Rh3 Rxb4 49. Rxh4 Kc5 50. Rxh6 Kd4 51. Ke2 Rb2+ 52. Kd1 Kxe4 53. Rxf6
d5 54. Rd6 d4 55. f6 d3 56. Kc1 Rc2+ 57. Kb1 Ke3 58. Bg6 Rf2 59. f7 e4 60. Rd8
Kd2 61. f8=Q Rxf8 62. Rxf8 e3 63. Bh5 c3 64. Rf1 e2 65. Bxe2 dxe2 66. Rh1 b4
67. g4 b3 68. g5 e1=Q+ 69. Rxe1 Kxe1 70. Kc1 b2+ 71. Kc2 b1=Q+ 72. Kxb1 Kd2 0-1

[Event "M.Chigorin Memorial 2014"]
[Site "St. Petersburg"]
[Date "2014.10.21"]
[Round "4.47"]
[White "Sorokin, Aleksey"]
[Black "Dzhumagaliev, Yan"]
[Result "1-0"]
[WhiteElo "2246"]
[BlackElo "2415"]
[PlyCount "61"]
[EventDate "2014.10.18"]

1. d4 Nf6 2. c4 e6 3. Nf3 c5 4. d5 b5 5. Bg5 Qa5+ 6. Nc3 Ne4 7. cxb5 Nxg5 8.
Nxg5 Bb7 9. e4 Be7 10. Qd2 O-O 11. Nf3 a6 12. a4 Re8 13. d6 Bd8 14. Rc1 axb5
15. axb5 Qb4 16. Be2 e5 17. O-O Re6 18. Ra1 c4 19. Rxa8 Bxa8 20. Ra1 Rxd6 21.
Rxa8 Rxd2 22. Rxb8 Kf8 23. Nxd2 Qxb2 24. Nd5 g6 25. Rxd8+ Kg7 26. Bxc4 Qxd2 27.
b6 Qa5 28. Rc8 Qe1+ 29. Bf1 Qb1 30. Rc5 Qa2 31. Rb5 1-0

[Event "M.Chigorin Memorial 2014"]
[Site "St. Petersburg"]
[Date "2014.10.21"]
[Round "4.48"]
[White "Caprio, Guido"]
[Black "Ganichev, Alexander"]
[Result "1-0"]
[WhiteElo "2412"]
[BlackElo "2247"]
[PlyCount "61"]
[EventDate "2014.10.18"]

1. d4 d5 2. c4 e6 3. Nc3 c6 4. e3 Nf6 5. Nf3 Nbd7 6. Qc2 Bd6 7. Bd3 dxc4 8.
Bxc4 b5 9. Be2 h6 10. O-O O-O 11. Rd1 Qc7 12. e4 e5 13. h3 Bb7 14. Be3 Rfe8 15.
Rac1 exd4 16. Nxd4 a6 17. Nf5 Bh2+ 18. Kf1 c5 19. g3 Bxg3 20. Nxg3 b4 21. Nd5
Nxd5 22. exd5 Rxe3 23. fxe3 Qxg3 24. Qf5 Nf6 25. Qf3 Qe5 26. Rxc5 Ne4 27. Rc4
Ng3+ 28. Kg2 Nxe2 29. Rxb4 Qg5+ 30. Kf2 Qe7 31. d6 1-0

[Event "M.Chigorin Memorial 2014"]
[Site "St. Petersburg"]
[Date "2014.10.21"]
[Round "4.49"]
[White "Semenova, Irina"]
[Black "Wallace, John Paul"]
[Result "0-1"]
[WhiteElo "2220"]
[BlackElo "2408"]
[PlyCount "76"]
[EventDate "2014.10.18"]

1. e4 c5 2. Nf3 d6 3. d4 cxd4 4. Nxd4 Nf6 5. Nc3 a6 6. Bg5 Nc6 7. Qd2 Bd7 8.
O-O-O e6 9. f4 b5 10. a3 Qb6 11. Bxf6 gxf6 12. Nb3 Rb8 13. Be2 h5 14. Rhe1 b4
15. axb4 Nxb4 16. Qd4 Qxd4 17. Rxd4 h4 18. Kb1 Rg8 19. Bf3 Bh6 20. e5 fxe5 21.
fxe5 dxe5 22. Rxh4 Bg7 23. Ree4 Nc6 24. Reg4 Ke7 25. Rh7 Bf6 26. Rxg8 Rxg8 27.
Nc5 Be8 28. Nxa6 Nd4 29. Be4 Kd6 30. Nb4 Be7 31. g3 f5 32. Bd3 Bg6 33. Rh6 Bg5
34. Rh3 e4 35. Bf1 Nf3 36. Be2 Ng1 37. Rh5 Bd2 38. Nb5+ Kd7 0-1

[Event "M.Chigorin Memorial 2014"]
[Site "St. Petersburg"]
[Date "2014.10.21"]
[Round "4.50"]
[White "Tsydypov, Zhamsaran"]
[Black "Tugarin, Anton"]
[Result "1-0"]
[WhiteElo "2406"]
[BlackElo "2242"]
[PlyCount "55"]
[EventDate "2014.10.18"]

1. g3 d5 2. Bg2 Nf6 3. d3 c6 4. Nd2 Bg4 5. h3 Bh5 6. f4 e6 7. Ndf3 Qb6 8. g4
Bg6 9. e3 Nbd7 10. Ne2 O-O-O 11. Ng3 h6 12. O-O Bd6 13. Kh1 Bh7 14. Qe1 Qc7 15.
g5 Ng8 16. Bd2 f6 17. Nd4 Re8 18. Nh5 Nb6 19. Qe2 f5 20. Bc3 Bg6 21. Nxg7 Re7
22. Ndxe6 Qb8 23. Nf8 Be8 24. Nxf5 Rf7 25. g6 Bxf8 26. gxf7 Bxf7 27. Be5 Qa8
28. Bxh8 1-0

[Event "M.Chigorin Memorial 2014"]
[Site "St. Petersburg"]
[Date "2014.10.21"]
[Round "4.51"]
[White "Siagodnik, Anton"]
[Black "Nezad, Husein Aziz"]
[Result "1-0"]
[WhiteElo "2208"]
[BlackElo "2400"]
[PlyCount "105"]
[EventDate "2014.10.18"]

1. d4 d5 2. Nf3 Nf6 3. g3 c6 4. Bg2 Bf5 5. O-O e6 6. c4 Nbd7 7. Nc3 Be7 8. Nd2
O-O 9. e4 dxe4 10. Ndxe4 Nxe4 11. Nxe4 Nf6 12. Nxf6+ Bxf6 13. Be3 Qb6 14. g4
Bg6 15. g5 Be7 16. Qe2 Qa5 17. h4 Rfd8 18. a3 Bf5 19. Rfd1 Rd7 20. b4 Qa4 21.
Qb2 Rad8 22. Rd2 Bf8 23. h5 a5 24. c5 Ra8 25. b5 Rc8 26. b6 Rcd8 27. Bf3 e5 28.
Rad1 e4 29. Be2 Be6 30. Rb1 Be7 31. Qc3 g6 32. d5 cxd5 33. Bb5 d4 34. Rxd4 Qxd4
35. Bxd4 Rxd4 36. c6 bxc6 37. Be2 R4d5 38. h6 Rxg5+ 39. Kh1 Bf8 40. b7 Rb8 41.
Qxc6 Rc5 42. Qa6 e3 43. Rb5 exf2 44. Rxc5 Bxc5 45. Qc6 Ba7 46. Qc3 Kf8 47. Qxa5
Be3 48. Qe5 Ba7 49. Qd6+ Kg8 50. Kg2 Re8 51. Qc6 Rd8 52. Qc3 Kf8 53. Qa5 1-0

[Event "M.Chigorin Memorial 2014"]
[Site "St. Petersburg"]
[Date "2014.10.21"]
[Round "4.52"]
[White "Abdusattorova, Bakhora"]
[Black "Slavin, Alexey"]
[Result "0-1"]
[WhiteElo "2202"]
[BlackElo "2397"]
[PlyCount "126"]
[EventDate "2014.10.18"]

1. d4 Nf6 2. c4 e6 3. Nc3 Bb4 4. e3 b6 5. Nge2 Ba6 6. Ng3 c5 7. d5 Bxc3+ 8.
bxc3 O-O 9. f3 Ne8 10. Bd3 f5 11. O-O Qf6 12. Rb1 exd5 13. Nxf5 Nc6 14. Ng3
dxc4 15. Be4 Rd8 16. Qa4 Nc7 17. Qc2 g6 18. f4 d5 19. Bf3 d4 20. f5 Ne5 21.
fxg6 Qxg6 22. Be4 Rxf1+ 23. Nxf1 d3 24. Bxg6 dxc2 25. Bxc2 Nd3 26. Bd2 Nb5 27.
Bxd3 Rxd3 28. Rc1 Nd6 29. Kf2 Bb7 30. Be1 Ne4+ 31. Ke2 Nf6 32. Bh4 Nd5 33. Be1
b5 34. a3 Kf7 35. Bd2 Nf6 36. g3 Bg2 37. Rc2 Ne4 38. Be1 Ke6 39. g4 Bxf1+ 40.
Kxf1 Rxe3 41. a4 bxa4 42. Ra2 Nxc3 43. Ra3 Nd5 44. Rxa4 Re4 45. Rxa7 Ne3+ 46.
Kg1 Nxg4 47. Ba5 h5 48. Rc7 Re5 49. Bd2 Rd5 50. Bc3 Kf5 51. Re7 Rd3 52. Ba5 Nf6
53. Bc7 Rd5 54. Re3 Ne4 55. Rf3+ Ke6 56. Re3 Rd1+ 57. Kg2 Kd5 58. Kf3 Rf1+ 59.
Ke2 Rf2+ 60. Ke1 Rf7 61. Ba5 Ra7 62. Bd8 Ra1+ 63. Ke2 Ra2+ 0-1

[Event "M.Chigorin Memorial 2014"]
[Site "St. Petersburg"]
[Date "2014.10.21"]
[Round "4.53"]
[White "Vastrukhin, Oleg"]
[Black "Kiselev, Pavel"]
[Result "0-1"]
[WhiteElo "2397"]
[BlackElo "2216"]
[PlyCount "90"]
[EventDate "2014.10.18"]

1. a3 d5 2. b4 e5 3. Bb2 Bd6 4. Nf3 Qe7 5. e3 Nf6 6. c4 c6 7. d4 e4 8. Nfd2 Bg4
9. Qb3 Nbd7 10. Nc3 Be6 11. h3 O-O 12. c5 Bc7 13. b5 Rfb8 14. a4 Nxc5 15. dxc5
d4 16. Qc2 dxc3 17. Qxc3 Qf8 18. Be2 Rd8 19. O-O Rd5 20. Qb4 Bxh3 21. Bxf6 gxf6
22. gxh3 Rg5+ 23. Bg4 f5 24. f4 Rg6 25. Kf2 Qd8 26. Bxf5 Ba5 27. Qxa5 Qxa5 28.
Nxe4 Rg7 29. Kf3 Kh8 30. Rfb1 Qd8 31. Rg1 Rxg1 32. Rxg1 Qd5 33. Rg5 Rg8 34.
Rxg8+ Kxg8 35. Kg4 Kg7 36. Nd6 Qxc5 37. Ne8+ Kf8 38. Nf6 Qxe3 39. Nxh7+ Ke7 40.
bxc6 bxc6 41. h4 f6 42. h5 Qg1+ 43. Kh4 Qh2+ 44. Kg4 Qg2+ 45. Kh4 Qf3 0-1